| 000 | 00729nam a2200241 4500 | ||
|---|---|---|---|
| 003 | OSt | ||
| 005 | 20240709024558.0 | ||
| 006 | a | ||
| 008 | 240709b |||||||| |||| 00| 0 eng d | ||
| 020 | _a9780071107655 | ||
| 040 |
_aDWCL-Main lib. _cOC |
||
| 082 |
_2Sixth edition _aCirc. 658.85 W436s 2007 |
||
| 100 | _aWeitz, Barton A. | ||
| 245 | _aSelling : building partnerships / | ||
| 250 | _aSixth edition | ||
| 260 |
_aN. Y. : _bMcGraw-Hill/Irwin, _cc2007. |
||
| 300 |
_axxi, _bvarious paging : col. ill. ; _c25 cm. |
||
| 504 | _aIncludes bibliographical references and index. | ||
| 650 | _a1. Selling. | ||
| 650 | _a2. Marketing. | ||
| 650 | _a3. Advertising. | ||
| 942 |
_2ddc _n0 _cBK-CIRC _eSixth edition _kCirc. |
||
| 999 |
_c2129 _d2129 |
||